Roger Williams and others v Redcard Ltd and others (Record no. 83679)
[ view plain ]
| 000 -LEADER | |
|---|---|
| fixed length control field | 01213cab a22002055a 4500 |
| 001 - CONTROL NUMBER | |
| control field | L154585 |
| 008 - FIXED-LENGTH DATA ELEMENTS--GENERAL INFORMATION | |
| fixed length control field | 120103e2011 xxk 000 0 eng d |
| 035 ## - SYSTEM CONTROL NUMBER | |
| System control number | (Sirsi) u154585 |
| 041 0# - LANGUAGE CODE | |
| Language code of text/sound track or separate title | eng |
| 245 00 - TITLE STATEMENT | |
| Title | Roger Williams and others v Redcard Ltd and others |
| Medium | [electronic resource] |
| 260 ## - PUBLICATION, DISTRIBUTION, ETC. | |
| Date of publication, distribution, etc. | 2011 |
| 520 ## - SUMMARY, ETC. | |
| Summary, etc. | [2011] EWCA Civ 466, 20 April 2011. Considers whether a limited company had properly executed a property sale contract or not. Appellant W alleged that respondent R had not properly executed a sale contract to W in respect of R's interest in a building which R was the freeholder: the contract did not state that signatories signed on behalf of Redcard. "Held": CA decided R had properly executed the contract. Recommended that care must be taken to comply with formalities to avoid expensive litigation. |
| 590 ## - LOCAL NOTE (RLIN) | |
| Local note | KA |
| 650 24 - SUBJECT ADDED ENTRY--TOPICAL TERM | |
| Topical term or geographic name entry element | ROGER WILLIAMS AND ORS V REDCARD LTD AND ORS |
| 650 24 - SUBJECT ADDED ENTRY--TOPICAL TERM | |
| Topical term or geographic name entry element | COMPANIES ACT 2006 S44(4) |
| 651 #4 - SUBJECT ADDED ENTRY--GEOGRAPHIC NAME | |
| Geographic name | England and Wales |
| Chronological subdivision | 1543- |
| 690 ## - LOCAL SUBJECT ADDED ENTRY--TOPICAL TERM (OCLC, RLIN) | |
| Topical term or geographic name as entry element | PROPERTY-RESIDENTIAL PROPERTY-ACQUISITION AND DISPOSAL OF RESIDENTIAL PROPERTY |
| 856 40 - ELECTRONIC LOCATION AND ACCESS | |
| Uniform Resource Identifier | <a href="https://www.bailii.org/ew/cases/EWCA/Civ/2011/466.html">https://www.bailii.org/ew/cases/EWCA/Civ/2011/466.html</a> |
| Public note | View the law report free of charge at www.bailii.org |
| 942 ## - ADDED ENTRY ELEMENTS (KOHA) | |
| Suppress in OPAC | 0 |
| Withdrawn status | Lost status | Source of classification or shelving scheme | Damaged status | Not for loan | Home library | Current library | Shelving location | Date acquired | Total Checkouts | Full call number | Barcode | Date last seen | Copy number | Price effective from | Koha item type |
|---|---|---|---|---|---|---|---|---|---|---|---|---|---|---|---|
| Dewey Decimal Classification | Virtual | Virtual | Online | 30/12/2011 | ONLINE PUBLICATION | 154585-2001 | 06/08/2019 | 1 | 06/08/2019 | Law report |